Making business location decisions

Đã lưu trong:
书目详细资料
主要作者: Roger W. Schmenner
格式: 图书
语言:Undetermined
出版: Englewood Cliffs, New Jersey Prentice-Hall
主题:
标签: 添加标签
没有标签, 成为第一个标记此记录!
Thư viện lưu trữ: Trung tâm Học liệu Trường Đại học Cần Thơ
LEADER 00485nam a2200157Ia 4500
001 CTU_36022
008 210402s9999 xx 000 0 und d
082 |a 658.503 
082 |b S347 
100 |a Roger W. Schmenner 
245 0 |a Making business location decisions 
245 0 |c Roger W. Schmenner 
260 |a Englewood Cliffs, New Jersey 
260 |b Prentice-Hall 
650 |a industrial management,production management 
980 |a Trung tâm Học liệu Trường Đại học Cần Thơ